000 00828nam a2200265Ia 4500
008
020 _z041620200X
049 _aMAIN
090 _aQA403.5
_bSTU
100 1 _aStuart, Robert D.
245 1 3 _aAn introduction to Fourier analysis /
_cR.D. Stuart.
260 _aLondon :
_bMethuen :
_bScience Paperbacks,
_c1969.
300 _a128 p. :
_bill.,
_c19 cm.
440 0 _aMethuen's monographs on physical subjects
440 0 _aScience paperbacks ;
_v21
504 _aIncludes bibliographical references.
500 _aIncludes index.
500 _aReprint. First published as a science paperback 1966.
650 0 _aFourier series.
907 _a.b10047827
_b02-05-07
_c17-04-03
003
005 20230123133501.0
040 _cNUST
942 _cBOOKS
_kQA403.5
_mSTU
999 _c149379
_d149379